| 000 | 00330nam a22001457a 4500 | ||
|---|---|---|---|
| 082 | _aP-140 | ||
| 100 |
_aAbeer _947837 |
||
| 245 |
_aSoil stabilization. _cAbeer. |
||
| 260 |
_aRisalpur: _bMCE. _c19-04-2000. |
||
| 300 | _a268 p.: | ||
| 526 |
_a0 _b0 _c0 _dP_140 |
||
| 650 | _aProject. | ||
| 700 |
_aAbeer _947837 |
||
| 942 |
_2ddc _cBK |
||
| 999 |
_c550953 _d550953 |
||